00341nam a2200109 a 4500008004100000050001500041100002000056245008600076260004300162300001700205350000900222120416s1963 ||||||||||||||||| || u aGB 451 Sta aHuxley, Anthony10aStandard encyclopedia of the world's oceans and islandscedited by Anthony Huxley aLondonbWeidenfeld and Nicholsonc1963 a383p. : ill. a0.00